|
|
|
|
| LEADER |
00000nam0a2200000 4500 |
| 001 |
117717 |
| 005 |
20231101215424.0 |
| 010 |
|
|
|a 9785769528361
|
| 035 |
|
|
|a (RuTPU)RU\TPU\book\127421
|
| 090 |
|
|
|a 117717
|
| 100 |
|
|
|a 20070606d2008 m y0rusy50 ca
|
| 101 |
0 |
|
|a rus
|
| 102 |
|
|
|a RU
|
| 105 |
|
|
|a a gj 001zy
|
| 200 |
1 |
|
|a Справочник бурильщика
|e учебное пособие для начального профессионального образования
|f Ю. В. Вадецкий
|
| 210 |
|
|
|a Москва
|c Академия
|d 2008
|
| 215 |
|
|
|a 416 с.
|c ил.
|
| 225 |
1 |
|
|a Федеральный комплект учебников
|
| 225 |
1 |
|
|a Начальное профессиональное образование. Нефтегазовая промышленность
|
| 320 |
|
|
|a Библиогр.: с. 411.
|
| 330 |
|
|
|a Рассмотрены методы строительства нефтяных и газовых скважин на суше и на море. Приведены таблицы с характеристиками оборудования, инструмента и материалов, используемых при бурении скважин; расчетные формулы, связанные с различными технологическими процессами в бурении скважин; инструктивные данные по технологии буровых работ, профилактике и борьбе с осложнениями, цементированию скважин, промывочным жидкостям. Описана организация буровых работ. Большое внимание уделено бурению многозабойных и горизонтальных скважин. Приведены справочные сведения по математике, механике, гидравлике, электротехнике, технической термодинамике, а также по геологии нефти. Для учащихся учреждений начального профессионального образования. Может быть полезно инженерно-техническим работникам.
|
| 606 |
1 |
|
|a Буровое дело
|2 stltpush
|3 (RuTPU)RU\TPU\subj\30514
|9 53616
|
| 610 |
1 |
|
|a нефтяные скважины
|
| 610 |
1 |
|
|a нефтегазовые скважины
|
| 610 |
1 |
|
|a газовые скважины
|
| 610 |
1 |
|
|a бурение
|
| 610 |
1 |
|
|a буровое оборудование
|
| 610 |
1 |
|
|a породоразрушающие инструменты
|
| 610 |
1 |
|
|a бурильная колонна
|
| 610 |
1 |
|
|a буровые растворы
|
| 610 |
1 |
|
|a осложнения
|
| 610 |
1 |
|
|a наклонные скважины
|
| 610 |
1 |
|
|a искривления
|
| 610 |
1 |
|
|a искривленные скважины
|
| 610 |
1 |
|
|a режимы бурения
|
| 610 |
1 |
|
|a продуктивные горизонты
|
| 610 |
1 |
|
|a продуктивные пласты
|
| 610 |
1 |
|
|a вскрытие
|
| 610 |
1 |
|
|a крепление
|
| 610 |
1 |
|
|a освоение скважин
|
| 610 |
1 |
|
|a испытание
|
| 610 |
1 |
|
|a аварии
|
| 610 |
1 |
|
|a бурение на море
|
| 610 |
1 |
|
|a справочники
|
| 610 |
1 |
|
|a учебные пособия
|
| 675 |
|
|
|a 622.24(035)(075.32)
|v 3
|
| 700 |
|
1 |
|a Вадецкий
|b Ю. В.
|g Юрий Вячеславович
|
| 801 |
|
1 |
|a RU
|b 63413507
|c 20070606
|g PSBO
|
| 801 |
|
2 |
|a RU
|b 63413507
|c 20151103
|g PSBO
|
| 900 |
|
|
|a Бурение и ремонт скважин на нефть и газ
|
| 900 |
|
|
|a Бурение нефтяных и газовых скважин
|
| 900 |
|
|
|a Бурение разведочных скважин
|
| 900 |
|
|
|a Буровые машины и механизмы
|
| 900 |
|
|
|a Бурение, испытание и освоение скважин
|
| 900 |
|
|
|a Бурение, горное дело
|
| 942 |
|
|
|c BK
|
| 954 |
|
|
|b 130504
|
| 959 |
|
|
|a 47/20070604
|d 1
|e 275,00
|f ЧЗТЛ:1
|
| 959 |
|
|
|a 67/20070927
|d 10
|e 0
|f ЧЗТЛ:1
|f УФ:9
|